Computer science

Αποθηκεύτηκε σε:
Λεπτομέρειες βιβλιογραφικής εγγραφής
Κύριος συγγραφέας: French, C. S.
Μορφή: Βιβλίο
Γλώσσα:English
Δημοσίευση: London : Letts Educational, 1996
Έκδοση:5th ed.
Θέματα:
Ετικέτες: Προσθήκη ετικέτας
Δεν υπάρχουν, Καταχωρήστε ετικέτα πρώτοι!

MARC

LEADER 00000cam a2200000 i 4500
001 1/18233
008 010309s1996 eng d
020 |a 1-85805-164-9 
035 |l 10066420 
040 |a GR-MY-UA  |b gre  |e aacr 
041 0 |a eng 
082 0 |a 004 
100 1 |a French, C. S. 
245 1 0 |a Computer science /  |c C.S. French 
250 |a 5th ed. 
260 |a London :   |b Letts Educational,   |c 1996 
300 |a vii, 506 p. 
504 |a Includes index 
650 0 0 |a Computer science. 
852 |a INST  |b CHIOS  |e 20010309  |h 004 FRE  |p 005200021286  |q 005200021286  |t BK  |y 0 
901 |a BIBL2-2001-1 
909 |a Χ  |b 083181 
970 |a ΣΠΕΝΤΖΑ  |b ΕΛΕΝΗ  |z 2001/03/09